The origins of cartography

Bibliographic Details
Published in:The history of cartography, J.B. Harley and David Woodward, Chicago [etc.], P. 43-53
Main Author: Lewis, G.M.
Content type: Article
Published: 1987
Source:MPIPL_cat

MARC

LEADER 00000naa a2200000 u 4500
001 PL0053656
003 PLI01000000000000000053338
005 00000000000000.0
008 ||| u
100 1 |a Lewis, G.M. 
245 0 4 |a The origins of cartography  |c G. Malcolm Lewis 
260 |c 1987 
696 |a Lewis, G. Malcolm 
773 0 8 |t The history of cartography  |a J.B. Harley and David Woodward  |d Chicago [etc.]  |g P. 43-53  |w MPIPL_cat.PL0053653  |z 0-226-31633-5  |i In: 
952 |h P. 43-53 
996 |a Aufsatz 
997 |a book chapter